El Sistema Interamericano de Derechos Humanos y la proteccin̤ de los derechos humanos laborales

Detalles Bibliográficos
Autor principal: Canessa Montejo, Miguel F.
Formato: eBook
Lenguaje:español
Publicado: Lima: Palestra Editores, 2014
Materias:
Acceso en línea:Acceso restringido

MARC

LEADER 00000nam a22000007a 4500
005 2019081607077.0
007 cr|||| ||||
008 190816s2014 pe |||||s|||| 00||0 spa d
020 |a 978-612-4218-13-2 
035 |a 24097 
040 |a vLex 
090 |c 9218  |d 9218 
100 1 |a Canessa Montejo, Miguel F. 
245 1 2 |a El Sistema Interamericano de Derechos Humanos y la proteccin̤ de los derechos humanos laborales  |h [Recurso electrn̤ico] /  |c Miguel F. Canessa Montejo 
256 |a Servicio en ln̕ea 
260 |a Lima:  |b Palestra Editores,  |c 2014 
300 |a 1 recurso electrn̤ico 
506 1 |a Disponible solo en los productos indicados  |d vLex Global  |d vLex Global (Academic Edition, excluding Law Schools)  |d vLex Global (U.S. Academic Edition, Law Schools)  |d vLex Global (U.S. Academic Edition, excluding Law Schools)  |d vLex Global (Academic Edition, Law Schools) 
650 0 4 |a Derecho Internacional  |z Per︢ 
740 0 |a vLex Libros (Servicio en ln̕ea) 
856 4 0 |u http://vlex.com/source/sistema-interamericano-derechos-humanos-proteccion-derechos-humanos-laborales-24097  |z Acceso restringido 
942 |c BOOK 
999 0 |a International right